[Event "TUR-chT 1st League"]
[Site "Denizli"]
[Date "2023.07.12"]
[Round "6.92"]
[White "Kurt, Mete Han"]
[Black "Yelligedik, Murat"]
[Result "0-1"]
[WhiteElo "1485"]
[BlackElo "2026"]
[PlyCount "116"]
[EventDate "2023.07.09"]
[EventType "team-swiss"]
[EventRounds "9"]
[EventCountry "TUR"]
[SourceTitle "CBM 215 Extra"]
[Source "ChessBase"]
[SourceDate "2023.09.30"]
[SourceVersion "1"]
[SourceVersionDate "2023.09.30"]
[SourceQuality "1"]
[WhiteTeam "Bogazici Universitesi"]
[BlackTeam "Yalova Belediye"]
[WhiteTeamCountry "TUR"]
[BlackTeamCountry "TUR"]

1. e4 c5 2. Nf3 Nc6 3. c3 Nf6 4. d3 d6 5. Bg5 e6 6. Be2 Be7 7. Nbd2 h6 8. Bh4 0-0 9. 0-0 d5 10. e5 Nd7 11. Bxe7 Qxe7 12. d4 Rb8 13. a3 b5 14. Re1 c4 15. h3 a5 16. b4 axb4 17. axb4 Nb6 18. Qc1 Bd7 19. Bd1 Ra8 20. Bc2 Nxb4 21. cxb4 Qxb4 22. Rb1 Qa5 23. Ra1 Qb4 24. Rb1 Qe7 25. Qb2 Rfb8 26. Ra1 b4 27. Rxa8 Nxa8 28. Qa1 Nc7 29. Qa7 Qd8 30. Rb1 Nb5 31. Qc5 Na3 32. Rc1 Rb5 33. Qd6 Rb6 34. Qc5 c3 35. Nb3 Nxc2 36. Rxc2 Ba4 37. Na1 Bxc2 38. Nxc2 b3 39. Qxc3 bxc2 40. Qxc2 Rb4 41. Qd2 Qb6 42. Qc3 Rc4 43. Qe3 Qb2 44. Kh2 Rc2 45. Kg3 Qc3 46. Qxc3 Rxc3 47. h4 Rd3 48. Kf4 g6 49. Kg4 Kg7 50. Kf4 Kf8 51. Kg4 Ke7 52. Kf4 Kd7 53. Kg4 Kc6 54. Kf4 Kb5 55. g4 Kc4 56. Kg3 Rxf3+ 57. Kxf3 Kxd4 58. Kf4 Kc3 0-1

[Event "TUR Cup"]
[Site "Antalya"]
[Date "2020.02.01"]
[Round "10"]
[White "Yelligedik, Murat"]
[Black "Yilmazyerli, Mert"]
[Result "0-1"]
[WhiteElo "2056"]
[BlackElo "2411"]
[PlyCount "72"]
[EventDate "2020.01.26"]
[EventType "swiss"]
[EventRounds "11"]
[EventCountry "TUR"]
[SourceTitle "CBM 194 Extra"]
[Source "ChessBase"]
[SourceDate "2020.03.31"]
[SourceVersion "1"]
[SourceVersionDate "2020.03.31"]
[SourceQuality "1"]

1. d4 g6 2. e4 Bg7 3. Nc3 d6 4. Bg5 a6 5. Nf3 b5 6. Bd3 Nd7 7. a4 b4 8. Ne2 Bb7 9. a5 Ngf6 10. Ng3 0-0 11. Qd2 c5 12. c3 d5 13. e5 Ne4 14. Qc2 c4 15. Bxe4 dxe4 16. Nxe4 f6 17. e6 fxg5 18. exd7 g4 19. Nfg5 Qxd7 20. Nc5 Qd5 21. Qe4 Qxe4+ 22. Ngxe4 Rf4 23. Nxb7 Rxe4+ 24. Kd1 Rf4 25. Rf1 e5 26. d5 Bf8 27. cxb4 Bxb4 28. Ra4 Bf8 29. d6 Rb8 30. Nc5 Bxd6 31. Nxa6 Rxb2 32. Kc1 c3 33. Ra1 Rd4 34. Rd1 Bf8 35. Rxd4 exd4 36. Nc7 Bh6+ 0-1

[Event "TUR Cup"]
[Site "Antalya"]
[Date "2020.01.29"]
[Round "6"]
[White "Yelligedik, Murat"]
[Black "Samani, Yamac"]
[Result "1-0"]
[WhiteElo "2056"]
[BlackElo "2259"]
[PlyCount "197"]
[EventDate "2020.01.26"]
[EventType "swiss"]
[EventRounds "11"]
[EventCountry "TUR"]
[SourceTitle "CBM 194 Extra"]
[Source "ChessBase"]
[SourceDate "2020.03.31"]
[SourceVersion "1"]
[SourceVersionDate "2020.03.31"]
[SourceQuality "1"]

1. d4 Nf6 2. Bf4 c5 3. e3 d5 4. Nc3 e6 5. Nb5 Na6 6. c3 Be7 7. h3 0-0 8. Nf3 Bd7 9. a4 c4 10. Be2 Ne4 11. 0-0 Qb6 12. Nd2 Nxd2 13. Qxd2 Bxb5 14. axb5 Nc7 15. b3 cxb3 16. Rfb1 Nxb5 17. Rxb3 a6 18. Rab1 Qc6 19. Bxb5 axb5 20. Rxb5 Ra7 21. Rb6 Qc8 22. Qb2 Bd8 23. Rxb7 Rxb7 24. Qxb7 Qxb7 25. Rxb7 Ba5 26. Bd6 Rc8 27. Bb4 Bxb4 28. cxb4 g6 29. g4 g5 30. Kg2 Kg7 31. b5 Rc1 32. b6 Rb1 33. Rb8 Rb2 34. Kg3 h6 35. Rb7 Rb1 36. h4 Rg1+ 37. Kh2 Rb1 38. hxg5 hxg5 39. Kg2 Kf6 40. Rb8 Rb2 41. Kf1 Rb1+ 42. Ke2 Rb2+ 43. Ke1 Kg7 44. f3 Kf6 45. Kd1 Rb4 46. Kc2 Rb5 47. Kc3 Rb1 48. e4 Rb5 49. exd5 exd5 50. b7 Ke7 51. Rg8 Rxb7 52. Rxg5 Rb5 53. Re5+ Kd6 54. Re1 Ra5 55. Rb1 Kc6 56. Rb3 Ra1 57. Kd2 Ra4 58. Ke3 Kd6 59. Rb6+ Ke7 60. g5 Rc4 61. f4 Rc3+ 62. Ke2 Rg3 63. Ra6 Kd7 64. Ra4 Ke6 65. Ra6+ Ke7 66. Rf6 Rg2+ 67. Kf3 Rd2 68. Ke3 Rg2 69. Rf5 Ke6 70. Re5+ Kd6 71. Re8 Rg3+ 72. Ke2 Kd7 73. Re3 Rg1 74. Re5 Kd6 75. Re8 Kd7 76. Re3 Kd6 77. Ra3 Ke6 78. Ra6+ Ke7 79. Kf3 Kd7 80. f5 Rf1+ 81. Kg4 Rg1+ 82. Kf4 Re1 83. Ra7+ Ke8 84. g6 fxg6 85. fxg6 Kf8 86. Kf5 Rf1+ 87. Ke6 Rg1 88. g7+ Kg8 89. Kxd5 Rd1 90. Kc5 Rc1+ 91. Kd6 Rd1 92. d5 Rd2 93. Re7 Rd1 94. Kc6 Rc1+ 95. Kd7 Rd1 96. d6 Rd2 97. Kc6 Rc2+ 98. Kb5 Rb2+ 99. Kc4 1-0

[Event "Konyaalti op"]
[Site "Konyaalti"]
[Date "2019.11.17"]
[Round "1"]
[White "Yelligedik, Murat"]
[Black "Shanava, Konstantine"]
[Result "0-1"]
[WhiteElo "2040"]
[BlackElo "2491"]
[PlyCount "58"]
[EventDate "2019.11.17"]
[EventType "swiss"]
[EventRounds "9"]
[EventCountry "TUR"]
[SourceTitle "CBM 193 Extra"]
[Source "ChessBase"]
[SourceDate "2020.01.31"]
[SourceVersion "1"]
[SourceVersionDate "2020.01.31"]
[SourceQuality "1"]

1. e4 c5 2. Nf3 Nc6 3. Bb5 Nf6 4. Bxc6 dxc6 5. d3 g6 6. Be3 c4 7. Nc3 cxd3 8. cxd3 Bg7 9. h3 0-0 10. 0-0 Nd7 11. d4 Nb6 12. Qd3 f5 13. e5 Be6 14. Rfd1 h6 15. Nh4 g5 16. Ng6 Rf7 17. f4 Kh7 18. fxg5 Kxg6 19. Ne2 Nd5 20. h4 hxg5 21. h5+ Kh7 22. Bxg5 Bh6 23. Bxh6 Kxh6 24. Qd2+ Kh7 25. h6 Qg8 26. Kf2 Qg4 27. Rh1 Rg8 28. Rag1 f4 29. Qd3+ Bf5 0-1

[Event "TUR-chT 1st League"]
[Site "Konya"]
[Date "2019.07.26"]
[Round "7.7"]
[White "Gok, Fatih"]
[Black "Yelligedik, Murat"]
[Result "1/2-1/2"]
[WhiteElo "1941"]
[BlackElo "1974"]
[PlyCount "91"]
[EventDate "2019.07.22"]
[EventType "team-swiss"]
[EventRounds "9"]
[EventCountry "TUR"]
[SourceTitle "CBM 191 Extra"]
[Source "ChessBase"]
[SourceDate "2019.09.30"]
[SourceVersion "1"]
[SourceVersionDate "2019.09.30"]
[SourceQuality "1"]
[WhiteTeam "Genc Akademisyenler"]
[BlackTeam "Olbia Satranc"]
[WhiteTeamCountry "TUR"]
[BlackTeamCountry "TUR"]

1. e4 c5 2. Nf3 Nc6 3. d4 cxd4 4. Nxd4 g6 5. c4 Nf6 6. Nc3 d6 7. Be2 Nxd4 8. Qxd4 Bg7 9. 0-0 0-0 10. Bg5 Be6 11. Qe3 Re8 12. Rac1 Qa5 13. b4 Qxb4 14. Rb1 Qa5 15. Rxb7 Bc8 16. Rb5 Qc7 17. c5 Be6 18. cxd6 exd6 19. Rc1 Qd7 20. h3 Rec8 21. Rbb1 Rc5 22. Nb5 Rac8 23. Rxc5 Rxc5 24. Bf4 Ne8 25. Nxd6 Rc3 26. Qd2 Nxd6 27. Bxd6 Rc8 28. Bb5 Qb7 29. e5 Qe4 30. Re1 Qc2 31. Qxc2 Rxc2 32. a4 Ra2 33. Rc1 h5 34. Bc7 Bh6 35. Rb1 Bg5 36. Bd6 Bd2 37. Bc5 a5 38. Bb6 Kg7 39. Kf1 Bd5 40. Bd7 Bc4+ 41. Kg1 Bd3 42. Rd1 Be2 43. Rb1 Bd3 44. Rd1 Be2 45. Rb1 Bd3 46. Rd1 1/2-1/2

[Event "TUR-chT 1st League"]
[Site "Konya"]
[Date "2019.07.24"]
[Round "4.8"]
[White "Yelligedik, Murat"]
[Black "Kanmazalp, Ogulcan"]
[Result "1/2-1/2"]
[WhiteElo "1974"]
[BlackElo "2457"]
[PlyCount "86"]
[EventDate "2019.07.22"]
[EventType "team-swiss"]
[EventRounds "9"]
[EventCountry "TUR"]
[SourceTitle "CBM 191 Extra"]
[Source "ChessBase"]
[SourceDate "2019.09.30"]
[SourceVersion "1"]
[SourceVersionDate "2019.09.30"]
[SourceQuality "1"]
[WhiteTeam "Olbia Satranc"]
[BlackTeam "Yalova Belediye"]
[WhiteTeamCountry "TUR"]
[BlackTeamCountry "TUR"]

1. e4 c5 2. Nf3 Nc6 3. Bb5 e6 4. 0-0 Nge7 5. Re1 Ng6 6. c3 d5 7. exd5 Qxd5 8. d4 cxd4 9. c4 Qd6 10. Qxd4 Bd7 11. Qe4 Be7 12. Nc3 0-0 13. Rd1 Qc7 14. h4 f5 15. Qd3 Rad8 16. Bg5 Bxg5 17. Nxg5 Nxh4 18. Nd5 exd5 19. Qxd5+ Kh8 20. Nf7+ Rxf7 21. Qxf7 Ne5 22. Rxd7 Qxd7 23. Qxd7 Nxd7 24. Rd1 Kg8 25. Rxd7 Rxd7 26. Bxd7 f4 27. g3 Nf3+ 28. Kg2 Ne1+ 29. Kf1 fxg3 30. fxg3 Nd3 31. b3 g6 32. Be6+ Kg7 33. Bd5 b6 34. Be4 Nc5 35. Bc2 Kf6 36. Kf2 h5 37. Ke3 g5 38. Kd4 h4 39. gxh4 gxh4 40. Bd1 h3 41. Bf3 Ne6+ 42. Kd5 Nf4+ 43. Ke4 Ne6 1/2-1/2

[Event "TUR-chT 1st League"]
[Site "Konya"]
[Date "2019.07.23"]
[Round "3.7"]
[White "Angun, Batu"]
[Black "Yelligedik, Murat"]
[Result "1-0"]
[WhiteElo "2054"]
[BlackElo "1974"]
[PlyCount "67"]
[EventDate "2019.07.22"]
[EventType "team-swiss"]
[EventRounds "9"]
[EventCountry "TUR"]
[SourceTitle "CBM 191 Extra"]
[Source "ChessBase"]
[SourceDate "2019.09.30"]
[SourceVersion "1"]
[SourceVersionDate "2019.09.30"]
[SourceQuality "1"]
[WhiteTeam "Karaman Saglik"]
[BlackTeam "Olbia Satranc"]
[WhiteTeamCountry "TUR"]
[BlackTeamCountry "TUR"]

1. d4 e6 2. c4 f5 3. g3 Nf6 4. Bg2 c6 5. Nf3 d5 6. 0-0 Bd6 7. b3 Qe7 8. a4 a5 9. Ba3 Bxa3 10. Nxa3 0-0 11. Nc2 Nbd7 12. Nce1 Ne4 13. Nd3 Ndf6 14. Nfe5 Bd7 15. c5 Be8 16. Qc2 Nh5 17. b4 f4 18. Rab1 fxg3 19. hxg3 Qg5 20. Nf3 Qh6 21. Qc1 g5 22. bxa5 Rf7 23. Nde5 Nhf6 24. Nxf7 Bxf7 25. Ne5 Bh5 26. Rxb7 Bxe2 27. Re1 Bh5 28. Qb2 Rf8 29. a6 Ne8 30. a7 Nxf2 31. a8Q g4 32. Nf7 Bxf7 33. Qxf2 Bg6 34. Qe3 1-0

[Event "TUR-chT 1st League"]
[Site "Konya"]
[Date "2019.07.23"]
[Round "2.7"]
[White "Yelligedik, Murat"]
[Black "Stefanov, Emil"]
[Result "0-1"]
[WhiteElo "1974"]
[BlackElo "2380"]
[PlyCount "90"]
[EventDate "2019.07.22"]
[EventType "team-swiss"]
[EventRounds "9"]
[EventCountry "TUR"]
[SourceTitle "CBM 191 Extra"]
[Source "ChessBase"]
[SourceDate "2019.09.30"]
[SourceVersion "1"]
[SourceVersionDate "2019.09.30"]
[SourceQuality "1"]
[WhiteTeam "Olbia Satranc"]
[BlackTeam "Salihli Sardes"]
[WhiteTeamCountry "TUR"]
[BlackTeamCountry "TUR"]

1. d4 Nf6 2. Bf4 c5 3. e3 g6 4. Nc3 Bg7 5. h4 h5 6. Nf3 b6 7. e4 cxd4 8. Nxd4 Bb7 9. f3 d6 10. Bg5 Nbd7 11. Bc4 Rc8 12. Qe2 Qc7 13. Bb3 a6 14. 0-0-0 Nc5 15. Kb1 Nxb3 16. cxb3 b5 17. Nc2 Nh7 18. Bc1 e6 19. Rd3 Qe7 20. Bf4 Be5 21. Bh6 Bg3 22. f4 Bxh4 23. Rdh3 Bf6 24. e5 dxe5 25. fxe5 Bg5 26. Bxg5 Qxg5 27. Ne4 Qxe5 28. Re3 Nf6 29. Nxf6+ Qxf6 30. Rf1 Qe7 31. Nd4 0-0 32. Nf5 Qg5 33. Rg3 Rc1+ 34. Rxc1 Qxf5+ 35. Ka1 Qf4 36. Rgc3 Kg7 37. Rc7 Bd5 38. a3 Bxb3 39. Qd3 Bc4 40. Qc3+ Qf6 41. Qa5 Rd8 42. g4 hxg4 43. Qe1 Rd3 44. Kb1 Qf5 45. Ka1 g3 0-1

[Event "TUR Cup"]
[Site "Antalya"]
[Date "2019.01.30"]
[Round "5"]
[White "Peker, Serdar"]
[Black "Yelligedik, Murat"]
[Result "1-0"]
[WhiteElo "1830"]
[BlackElo "2055"]
[PlyCount "135"]
[EventDate "2019.01.27"]
[EventType "swiss"]
[EventRounds "11"]
[EventCountry "TUR"]
[SourceTitle "CBM 188 Extra"]
[Source "ChessBase"]
[SourceDate "2019.02.26"]
[SourceVersion "1"]
[SourceVersionDate "2019.02.26"]
[SourceQuality "1"]

1. e4 c5 2. Nc3 Nc6 3. f4 g6 4. Nf3 Bg7 5. Bb5 Nd4 6. 0-0 Nxb5 7. Nxb5 d5 8. exd5 a6 9. Nc3 Nf6 10. d4 Nxd5 11. dxc5 Nxc3 12. Qxd8+ Kxd8 13. bxc3 Bxc3 14. Rb1 Kc7 15. Rb3 Bf6 16. Bd2 a5 17. Rfb1 Ra7 18. Ne5 Be6 19. Rb5 Rha8 20. a3 Bd5 21. Bc3 Bc6 22. Rb6 Ra6 23. Bd4 Be4 24. R1b2 Rxb6 25. cxb6+ Kd6 26. c3 Ke6 27. Kf2 g5 28. Ke3 Bd5 29. g3 gxf4+ 30. gxf4 Rg8 31. c4 Bh1 32. Rf2 Kf5 33. Nxf7 Rg1 34. Bxf6 exf6 35. Nd6+ Ke6 36. Nb5 Kf5 37. Rd2 Re1+ 38. Kf2 Rb1 39. Ke3 Rb3+ 40. Kd4 Kxf4 41. Rf2+ Kg5 42. Kc5 Rd3 43. Nd4 Rxa3 44. Kb5 Be4 45. Ne6+ Kg6 46. h4 Bc6+ 47. Kc5 a4 48. Nd8 Be4 49. h5+ Kg5 50. Nf7+ Kxh5 51. Rxf6 Kg4 52. Nd6 Bc6 53. Rh6 Rh3 54. Rf6 a3 55. Rf8 Rf3 56. Rg8+ Kf4 57. Rf8+ Ke3 58. Ra8 Kf2 59. Ra7 h5 60. Nxb7 Bxb7 61. Rxb7 Rf5+ 62. Kb4 Rf8 63. Ra7 Rb8 64. c5 h4 65. Rxa3 Kg2 66. Kb5 h3 67. c6 h2 68. Ra2+ 1-0

[Event "TUR Cup										"]
[Site "Antalya"]
[Date "2018.02.02"]
[Round "10"]
[White "Hatipli, Mehmet"]
[Black "Yelligedik, Murat"]
[Result "0-1"]
[WhiteElo "1871"]
[BlackElo "2033"]
[PlyCount "108"]
[EventDate "2018.01.27"]
[EventType "swiss"]
[EventRounds "11"]
[EventCountry "TUR"]
[SourceTitle "CBM 182 Extra"]
[Source "ChessBase"]
[SourceDate "2018.02.23"]
[SourceVersion "1"]
[SourceVersionDate "2018.02.23"]
[SourceQuality "1"]

1. e4 c5 2. Nc3 g6 3. d4 cxd4 4. Qxd4 Nf6 5. Nf3 Nc6 6. Qa4 d6 7. e5 dxe5 8. Nxe5 Bd7 9. Nxd7 Qxd7 10. Be3 Bg7 11. Rd1 Qc8 12. g3 0-0 13. Bg2 Ng4 14. Bc5 Nce5 15. Bd4 Qf5 16. f4 Nc6 17. Bxg7 Kxg7 18. Bxc6 bxc6 19. Qe4 Qh5 20. h3 Nf6 21. Qe5 Qf3 22. Rg1 Rad8 23. Qe2 Rxd1+ 24. Nxd1 Qd5 25. Nc3 Qc5 26. Kf1 Rb8 27. Nd1 Rb4 28. Kg2 Re4 29. Qd3 Rd4 30. Qc3 Qd5+ 31. Qf3 Rd2+ 32. Nf2 Rxc2 33. Qxd5 cxd5 34. Kf3 Rxb2 35. Ra1 Rc2 36. g4 Rc3+ 37. Ke2 Ra3 38. g5 Nh5 39. Nd3 Ng3+ 40. Ke3 e6 41. Rb1 Nf5+ 42. Ke2 Rxa2+ 43. Kf3 Ra3 44. Ke2 Nd6 45. Rb8 Rc3 46. Rd8 Nb7 47. Rd7 Rxd3 48. Rxb7 Ra3 49. h4 a5 50. Ra7 Ra1 51. Kd2 a4 52. Kc2 a3 53. Ra4 Rf1 54. Rxa3 Rxf4 0-1

[Event "TUR Cup										"]
[Site "Antalya"]
[Date "2018.02.01"]
[Round "9"]
[White "Yelligedik, Murat"]
[Black "Canbulan, Arda"]
[Result "1-0"]
[WhiteElo "2033"]
[BlackElo "1808"]
[PlyCount "83"]
[EventDate "2018.01.27"]
[EventType "swiss"]
[EventRounds "11"]
[EventCountry "TUR"]
[SourceTitle "CBM 182 Extra"]
[Source "ChessBase"]
[SourceDate "2018.02.23"]
[SourceVersion "1"]
[SourceVersionDate "2018.02.23"]
[SourceQuality "1"]

1. e4 c5 2. Nf3 d6 3. Bb5+ Nd7 4. d4 cxd4 5. Qxd4 a6 6. Bxd7+ Bxd7 7. Bg5 Nf6 8. Nc3 e6 9. 0-0-0 Be7 10. e5 dxe5 11. Nxe5 Bc6 12. Nxc6 bxc6 13. Bxf6 Bxf6 14. Qc5 Qc8 15. Ne4 Be7 16. Nd6+ Bxd6 17. Rxd6 0-0 18. Rhd1 Qc7 19. Qxc6 Qa5 20. a3 Rfc8 21. Qf3 Rab8 22. Qd3 Qg5+ 23. Qd2 Qe7 24. Rd7 Qf6 25. Qd4 e5 26. Qd6 Qg5+ 27. Qd2 Qf6 28. Rd6 Qe7 29. g3 h6 30. Qd5 Qc7 31. Rd2 Rb5 32. Rd8+ Rxd8 33. Qxd8+ Qxd8 34. Rxd8+ Kh7 35. Rd6 e4 36. c4 Rf5 37. Rd2 Kg6 38. b4 a5 39. c5 axb4 40. axb4 Re5 41. c6 Re8 42. b5 1-0

[Event "TUR Cup										"]
[Site "Antalya"]
[Date "2018.01.28"]
[Round "2"]
[White "Turan, Seyithan"]
[Black "Yelligedik, Murat"]
[Result "0-1"]
[WhiteElo "1748"]
[BlackElo "2033"]
[PlyCount "122"]
[EventDate "2018.01.27"]
[EventType "swiss"]
[EventRounds "11"]
[EventCountry "TUR"]
[SourceTitle "CBM 182 Extra"]
[Source "ChessBase"]
[SourceDate "2018.02.23"]
[SourceVersion "1"]
[SourceVersionDate "2018.02.23"]
[SourceQuality "1"]

1. e4 c5 2. Nf3 Nc6 3. d4 cxd4 4. c3 Nf6 5. e5 Nd5 6. cxd4 d6 7. Bc4 dxe5 8. Nxe5 e6 9. 0-0 Be7 10. Nc3 Nxc3 11. bxc3 Nxe5 12. dxe5 Qxd1 13. Rxd1 Bd7 14. Rb1 0-0-0 15. Be3 b6 16. Ba6+ Kc7 17. Rd4 Bc8 18. Rc4+ Kb8 19. Bb5 Bb7 20. a4 Rd5 21. Rd4 Rxd4 22. cxd4 Rc8 23. Rc1 Rxc1+ 24. Bxc1 Kc7 25. Bd3 Bc6 26. Bc2 Bb4 27. f3 Bc3 28. Be3 a5 29. Kf2 b5 30. axb5 Bxb5 31. f4 a4 32. g4 a3 33. Bb3 Bd3 34. d5 exd5 35. Bxd5 Bb1 36. Bxf7 a2 37. Bxa2 Bxa2 38. h4 Kd7 39. h5 Ke6 40. Kg3 Bc4 41. Bc5 Be2 42. Bf2 Bd2 43. g5 Kf5 44. g6 Bxf4+ 45. Kh4 hxg6 46. hxg6 Bxe5 47. Be3 Kxg6 48. Kh3 Kf5 49. Kg2 g5 50. Bxg5 Kxg5 51. Kf2 Bg4 52. Ke3 Bf5 53. Kf3 Bf4 54. Ke2 Be4 55. Kf2 Kg4 56. Ke2 Kg3 57. Kf1 Bf3 58. Ke1 Be3 59. Kf1 Bd2 60. Kg1 Be2 61. Kh1 Ba6 0-1

[Event "TUR Cup										"]
[Site "Antalya"]
[Date "2018.01.28"]
[Round "3"]
[White "Yelligedik, Murat"]
[Black "Baylav, Bartu"]
[Result "1-0"]
[WhiteElo "2033"]
[BlackElo "1754"]
[PlyCount "45"]
[EventDate "2018.01.27"]
[EventType "swiss"]
[EventRounds "11"]
[EventCountry "TUR"]
[SourceTitle "CBM 182 Extra"]
[Source "ChessBase"]
[SourceDate "2018.02.23"]
[SourceVersion "1"]
[SourceVersionDate "2018.02.23"]
[SourceQuality "1"]

1. e4 c6 2. d4 d5 3. exd5 cxd5 4. Bd3 Nf6 5. c3 e6 6. Bf4 Bd6 7. Bxd6 Qxd6 8. Nf3 0-0 9. Nbd2 b6 10. Qe2 Nbd7 11. 0-0 Bb7 12. Ne5 Rfe8 13. f4 Nf8 14. Rf3 N6d7 15. Rh3 f6 16. Bxh7+ Nxh7 17. Qh5 Ndf8 18. Qf7+ Kh8 19. Ng6+ Nxg6 20. Qxg6 Kg8 21. Rxh7 Qc7 22. Re1 Qf7 23. Rh8+ 1-0

[Event "TUR Cup										"]
[Site "Antalya"]
[Date "2018.01.27"]
[Round "1"]
[White "Yelligedik, Murat"]
[Black "Yapici, Nazim"]
[Result "1-0"]
[WhiteElo "2033"]
[BlackElo "1607"]
[PlyCount "47"]
[EventDate "2018.01.27"]
[EventType "swiss"]
[EventRounds "11"]
[EventCountry "TUR"]
[SourceTitle "CBM 182 Extra"]
[Source "ChessBase"]
[SourceDate "2018.02.23"]
[SourceVersion "1"]
[SourceVersionDate "2018.02.23"]
[SourceQuality "1"]

1. d4 d6 2. e4 g6 3. Nc3 Bg7 4. Bg5 Nd7 5. Qd2 h5 6. f4 h4 7. Nf3 Bf6 8. Bc4 Bxg5 9. Bxf7+ Kf8 10. Nxg5 Ndf6 11. Bxg6 Nh6 12. 0-0-0 Kg7 13. f5 e6 14. Qf4 Nfg4 15. Nf7 Nxf7 16. Bxf7 Kxf7 17. fxe6+ Kg6 18. Qxg4+ Qg5+ 19. Qxg5+ Kxg5 20. d5 b6 21. Nb5 Rh7 22. Rhf1 Ba6 23. Rf5+ Kg6 24. Nd4 1-0

[Event "Finik op"]
[Site "Finik"]
[Date "2017.06.12"]
[Round "4"]
[White "Yungucu, Arda"]
[Black "Yelligedik, Murat"]
[Result "0-1"]
[WhiteElo "1857"]
[BlackElo "2037"]
[PlyCount "70"]
[EventDate "2017.06.10"]
[EventType "swiss"]
[EventRounds "7"]
[EventCountry "TUR"]
[SourceTitle "EXT 2018"]
[Source "ChessBase"]
[SourceDate "2017.10.13"]
[SourceVersion "1"]
[SourceVersionDate "2017.10.13"]
[SourceQuality "1"]

1. Nf3 Nf6 2. g3 g6 3. Bg2 Bg7 4. 0-0 0-0 5. d4 d6 6. Nbd2 Nc6 7. e4 e5 8. c3 a5 9. Re1 Re8 10. h3 h6 11. Qc2 exd4 12. Nxd4 Nd7 13. Nxc6 bxc6 14. Nf1 a4 15. Be3 Bb7 16. Nd2 Qe7 17. Rad1 Qe6 18. Ra1 c5 19. f4 Reb8 20. g4 Bc6 21. Bf3 Ra6 22. h4 a3 23. Reb1 axb2 24. Rxb2 Rxb2 25. Qxb2 Qf6 26. g5 hxg5 27. hxg5 Qxc3 28. Qxc3 Bxc3 29. Rc1 Bxd2 30. Bxd2 Rxa2 31. Bc3 Nf8 32. Bg2 Ne6 33. Rb1 Rxg2+ 34. Kf1 Ra2 35. Rb8+ Nf8 0-1

[Event "TUR Cup"]
[Site "Antalya"]
[Date "2017.01.30"]
[Round "4"]
[White "Yelligedik, Murat"]
[Black "Hatipli, Mehmet"]
[Result "1-0"]
[WhiteElo "2055"]
[BlackElo "1802"]
[PlyCount "102"]
[EventDate "2017.01.28"]
[EventType "swiss"]
[EventRounds "11"]
[EventCountry "TUR"]
[SourceTitle "CBM 176 Extra"]
[Source "ChessBase"]
[SourceDate "2017.03.02"]
[SourceVersion "1"]
[SourceVersionDate "2017.03.02"]
[SourceQuality "1"]

1. e4 c5 2. Nf3 e6 3. d3 Nc6 4. g3 Nf6 5. Bg2 Be7 6. 0-0 d5 7. Nbd2 dxe4 8. dxe4 e5 9. h3 0-0 10. c3 Qc7 11. Re1 Rd8 12. Nh4 g6 13. Qc2 Be6 14. Bf1 a6 15. Nc4 b5 16. Ne3 c4 17. Kh2 Nd7 18. Nd5 Bxd5 19. exd5 Na5 20. Nf3 f6 21. b4 Nb7 22. Bg2 Nb6 23. Nh4 Bf8 24. Rd1 Nd6 25. Be3 Na4 26. Rac1 Rac8 27. f4 Bg7 28. fxe5 fxe5 29. Bf3 Nxc3 30. Bg4 Nxd1 31. Rxd1 e4 32. Be6+ Kh8 33. Bf4 Rf8 34. Qe2 Rxf4 35. gxf4 Rf8 36. Qg4 Qd8 37. Rg1 Qf6 38. f5 Qe5+ 39. Kh1 Nxf5 40. Bxf5 gxf5 41. Qh5 Kg8 42. d6 e3 43. d7 Qd5+ 44. Ng2 Qxd7 45. Nxe3 f4 46. Ng4 Kh8 47. Nh2 Qf5 48. Qf3 Re8 49. Rd1 h6 50. Qg2 c3 51. Nf3 Qd5 1-0

[Event "Manavgat Turkey Cup"]
[Site "Manavgat"]
[Date "2016.01.31"]
[Round "3"]
[White "Yelligedik, Murat"]
[Black "Metin, Mehmet"]
[Result "0-1"]
[WhiteElo "1936"]
[BlackElo "2149"]
[PlyCount "104"]
[EventDate "2016.01.30"]
[EventType "swiss"]
[EventRounds "11"]
[EventCountry "TUR"]
[SourceTitle "CBM 170 Extra"]
[Source "ChessBase"]
[SourceDate "2016.02.25"]
[SourceVersion "1"]
[SourceVersionDate "2016.02.25"]
[SourceQuality "1"]

1. e4 c5 2. Nf3 g6 3. d4 cxd4 4. Nxd4 Bg7 5. Nc3 Nc6 6. Be3 Nf6 7. Bc4 0-0 8. Bb3 a5 9. 0-0 d6 10. h3 Bd7 11. Re1 a4 12. Nxa4 Nxd4 13. Qxd4 Ng4 14. Qb4 Nxe3 15. Rxe3 Bxa4 16. Bxa4 Qa5 17. Qxa5 Rxa5 18. Bb3 Bxb2 19. Rd1 Kg7 20. Bd5 e6 21. Bb3 Ba3 22. Kf1 Bc5 23. Re2 h5 24. g3 g5 25. Kg2 Raa8 26. f4 gxf4 27. gxf4 Rg8 28. Kf3 Kf6 29. e5+ Ke7 30. exd6+ Bxd6 31. Red2 Rad8 32. f5 exf5 33. Bxf7 Rg3+ 34. Kf2 Rxh3 35. Bd5 h4 36. c4 Bc5+ 37. Kf1 Be3 38. Rg2 Kf6 39. Ke2 Bc5 40. Rd3 Rxd3 41. Kxd3 Ra8 42. Bxb7 Ra3+ 43. Ke2 Rxa2+ 44. Kf3 Ra3+ 45. Ke2 h3 46. Rg8 Ra2+ 47. Kd3 h2 48. Rh8 Ke5 49. Rh4 Kf6 50. Kc3 Kg5 51. Rh7 Bd6 52. Kb3 Ra7 0-1